TOP 100 zadávateľov 2023

Salvato in:
Dettagli Bibliografici
Natura: Periodico
Lingua:slovacco
Tags: Aggiungi Tag
Nessun Tag, puoi essere il primo ad aggiungerne!!

MARC

LEADER 00000nas2a2200000 4500
001 0300254
005 20240503110452.2
041 0 |a slo 
044 |a SK 
245 1 0 |a TOP 100 zadávateľov 2023 
773 0 |w eu_un_cat*s121017